000 01588nam a22003734a 4500
001 ebr10116508
003 CaPaEBR
006 m u
007 cr cn|||||||||
008 020924s2002 ne a sb 101 0 eng c
010 _z 2002113598
020 _z4274905527
020 _z1586032895
020 _z9781586032890
040 _aCaPaEBR
_cCaPaEBR
035 _a(OCoLC)228124804
050 1 4 _aRD768
_b.I58 2002eb
082 0 4 _a616.7/30072
_222
110 2 _aInternational Research Society of Spinal Deformities.
_bMeeting
_n(4th :
_d2002 :
_cAthens, Greece)
245 1 0 _aResearch into spinal deformities 4
_h[electronic resource] /
_cedited by Theodoros B. Grivas.
246 3 0 _aResearch into spinal deformities four
260 _aAmsterdam ;
_aWashington, D.C. :
_bIOS Press :
_aTokyo :
_bOhmsha,
_cc2002.
300 _axi, 501 p. :
_bill.
490 1 _aStudies in health technology and informatics ;
_vv. 91
500 _aMeeting held May 24-27, 2002 in Athens, Greece.
504 _aIncludes bibliographical references and author index.
533 _aElectronic reproduction.
_bPalo Alto, Calif. :
_cebrary,
_d2013.
_nAvailable via World Wide Web.
_nAccess may be limited to ebrary affiliated libraries.
650 0 _aSpine
_xAbnormalities
_vCongresses.
655 7 _aElectronic books.
_2local
700 1 _aGrivas, Theodoros B.
710 2 _aebrary, Inc.
830 0 _aStudies in health technology and informatics ;
_vv. 91.
856 4 0 _uhttp://site.ebrary.com/lib/rucke/Doc?id=10116508
_zAn electronic book accessible through the World Wide Web; click to view
999 _c208776
_d208776